| 000 | 01059nam a22002177a 4500 | ||
|---|---|---|---|
| 999 |
_c3053 _d3053 |
||
| 003 | AR-CdUCM | ||
| 008 | 190305b ||||| |||| 00| 0 spa d | ||
| 040 |
_aMUNICIPALIDAD PROVINCIAL DEL CUSCO _cBIBLIOTECA MUNICIPAL DEL CUSCO |
||
| 082 |
_a330.12 / _bV252 |
||
| 100 |
_aVanek, Yaroslav _910369 |
||
| 245 |
_aLa economía de participación : _b hipótesis evolucionista y estrategia para el desarrollo / |
||
| 260 |
_aLima : _bInstituto de Estudios Peruanos, CAMPODONICO, _c1971. |
||
| 300 |
_a156 paginas ; _c20 cm. |
||
| 505 | _aIdentificación de la economía de participación -- Que puede esperarse de la economía de participación -- La economía e participación yugoslava y su comportamiento general -- La economía de participación en una teoría de evolución social -- Capitalismo occidental y democracia política... | ||
| 650 |
_aEconomía de participación _910370 |
||
| 650 |
_aAutogestión _910371 |
||
| 650 |
_aEvolución social _92436 |
||
| 710 |
_aInstituto de Estudios Peruanos (Lima) _99759 |
||
| 942 |
_2ddc _cLIBROS |
||
| 945 | _awnts | ||